| 000 | 00547nam a22001817a 4500 | ||
|---|---|---|---|
| 005 | 20231122071305.0 | ||
| 008 | 231122b |||||||| |||| 00| 0 eng d | ||
| 020 | _a9780409058390 | ||
| 041 | _aEnglish | ||
| 082 | _a342 RAU | ||
| 100 |
_aRautenbach, IM _lEnglish |
||
| 245 |
_aRautenbach-Malherbe Constitutional Law / _cIM Rautenbach |
||
| 250 | _aSixth Edition | ||
| 260 |
_aDurban : _bLexisNexis (Pty) Ltd, _c2012 |
||
| 300 |
_bxvii, 496 pages ; _c25 cm. |
||
| 650 |
_aLegal practice _bLaw |
||
| 942 |
_cBK _6ALISON_BN_VRIES |
||
| 999 |
_c858 _d858 |
||